| 000 | 01098nam a2200205Ia 4500 | ||
|---|---|---|---|
| 999 |
_c38156 _d38156 |
||
| 001 | 4146 | ||
| 003 | GE_BSU | ||
| 005 | 20190917165424.0 | ||
| 008 | 181216s1972||||ge |||||||||||||| ||geo|| | ||
| 040 | _cGE_BSU | ||
| 041 | _ageo | ||
| 080 | _a398(479.223)+811.353.1 ნ–90 | ||
| 100 |
_aნოღაიდელი, ჯემალ _9114 |
||
| 245 |
_aნარკვევები და ჩანაწერები : _bკრებული. წ. 2 : დიალექტოლოგიის საკითხები / _cკრებული გამოსაცემად მოამზადა, რედაქცია, წინასიტყვ. და დამატებითი ცნობები დაურთო ი. მეგრელიძემ. |
||
| 264 |
_aბათუმი : _b საბჭ. აჭარა, _c1972. |
||
| 300 |
_a246 გვ. ; _b22 სმ. |
||
| 653 | _aქართული ენის დიალექტოლოგია | ||
| 700 |
_aმეგრელიძე, ი. _eრედაქტორი _91203 |
||
| 942 |
_cBK _2udc |
||